UBT Library

From mobilization to revolution / (Record no. 38946)

000 -LEADER
fixed length control field 00546nam a2200217 i 4500
001 - CONTROL NUMBER
control field 360661
005 - DATE AND TIME OF LATEST TRANSACTION
control field 20171214075540.0
008 - FIXED-LENGTH DATA ELEMENTS--GENERAL INFORMATION
fixed length control field 780714s1978 maua b 001 0 eng
010 ## - LIBRARY OF CONGRESS CONTROL NUMBER
LC control number 77079468
020 ## - INTERNATIONAL STANDARD BOOK NUMBER
International Standard Book Number 0201075717
040 ## - CATALOGING SOURCE
Original cataloging agency DLC
Transcribing agency DLC
Modifying agency DLC
041 ## - LANGUAGE CODE
Language code of text/sound track or separate title eng
080 ## - UNIVERSAL DECIMAL CLASSIFICATION NUMBER
Universal Decimal Classification number 301.633 TIL
082 00 - DEWEY DECIMAL CLASSIFICATION NUMBER
Classification number 301.633 TIL
100 1# - Rafti
Rafti 17
101 ## - Shkurtesa
Shkurtesa HIS
245 10 - TITLE STATEMENT
Title From mobilization to revolution /
Statement of responsibility, etc Charles Tilly.
504 ## - BIBLIOGRAPHY, ETC. NOTE
Bibliography, etc Bibliography: p. 307-336.
906 ## - LOCAL DATA ELEMENT F, LDF (RLIN)
a 7
b cbc
c orignew
d 2
e opcn
f 19
g y-gencatlg
942 ## - ADDED ENTRY ELEMENTS (KOHA)
Source of classification or shelving scheme
Item type Books
Holdings
Withdrawn status Lost status Source of classification or shelving scheme Damaged status Not for loan Permanent location Current location Shelving location Date acquired Total Checkouts Full call number Barcode Date last seen Price effective from Koha item type
          UBT - Lipjan UBT - Lipjan Koleksioni i përgjithshem 12/14/2017   301.633 TIL 002-2939133 12/14/2017 12/14/2017 Books
UBT Library © 2015-2024. All rights reserved University Education for Business and Technology